000
00325nam a2200145Ia 4500
100
_a
Kester/ Walt.
650
_a
Electrical Engineering
942
_c
BK
654
_a
Engineering
245
_a
Analog devices of mixed signal design
260
_b
none
_a
USA
_c
1991
082
_a
621.3822
546
_a
ENGLISH
999
_c
25326
_d
25326